| 000 | 00922nam0a2200265 4500 | ||
|---|---|---|---|
| 001 | RU\NLR\bibl\1676188 | ||
| 005 | 20260405220304.0 | ||
| 010 |
_a978-5-699-44022-1 _94100 |
||
| 021 |
_aRU _b2010-68901 _9392д/2010 |
||
| 035 | _a(NLR Aleph) 001667424 | ||
| 090 |
_a1019964 _c1019964 |
||
| 100 | _a20100920d2010 |||y0rusy50 ca | ||
| 101 | 1 |
_arus _ceng |
|
| 102 | _aRU | ||
| 105 | _ay ||||||||| | ||
| 200 | 1 |
_aГрешники Святого города _fЛилит Сэйнткроу _g[пер. с англ. В. Волковского] |
|
| 210 |
_aМосква _cЭксмо _aСанкт-Петербург _cДомино _d2010 |
||
| 215 |
_a364, [1] с. _d21 |
||
| 686 | _aШ6(7США)67-445{Лх1979-62} | ||
| 700 | 1 |
_4070 _8rus _7ca _aСэйнткроу _bЛ. _f1976- _gЛилит _3RU\NLR\auth\7798699 _981625 |
|
| 801 | 0 |
_aRU _bNLR _c20100920 _gRCR |
|
| 801 | 1 |
_aRU _bNLR _c20100920 |
|
| 942 | _cBOOK | ||
| 980 | _aNB | ||